All recent songs in the Drake-Kendrick situation - Statistics

General Stats
  • This quiz has been taken 28 times
  • The average score is 8 of 10
Answer Stats
Album Song % Correct
We Don't Trust You Like That
96%
Single Not Like Us
92%
Single Family Matters
88%
For All The Dogs First Person Shooter
88%
Single Meet the Grahams
85%
Single Push-Ups
85%
Single Euphoria
81%
Unreleased 6:16 in LA
69%
Unreleased The Heart Part 6
65%
Unreleased Taylor Made Freestyle
58%
No matching quizzes found
Score Distribution
Percent of People with Each Score
Percentile by Number Answered
Your Score History
You have not taken this quiz